000 00817nam a2200253Ia 4500
003 OSt
005 20221005111621.0
006 a|||||r|||| 00| 0
007 ta
008 221004b |||||||| |||| 00| 0 hin d
024 _a107574
037 _cTextual
040 _aCRL
_cCRL
_bhin
041 _2hin
_ahin
082 _aO152:g, J4
100 _aशिवनन्दन प्रसाद
245 0 _aसाहित्य के रूप और तत्व
246 _aSāhitya ke rūp aur tatva
260 _aपटना
_bपुस्तक - भंडार भारत
_c1954
300 _a194पृ0
_ccm.
650 _aहिन्दी साहित्य
942 _hO152:g, J4
_cTEXL
_2cc
999 _c1022370
_d1022370